Statistics for We all know the song but who did it originally?

Click here to take the quiz!

General Stats

  • This quiz has been taken 14 times
  • The average score is 3 of 9

Answer Stats

Song/Covered byWho did it originally?% Correct
I will always love you/Whitney HoustonDolly Parton
91%
Killing me softly/FugeesRoberta Flack
73%
Whisky in a jar/MetallicaThin Lizzy
55%
Respect/Aretha FranklinOtis Redding
45%
Girls just wanna have fun/Cyndi LauperRobert Hazard
27%
Tainted love/Soft cellGloria Jones
9%
It's oh so quiet/BjorkBetty Hutton
0%
The tide is high/BlondieThe paragons
0%
Don't turn around/Ace of baseTina Turner
0%

Score Distribution

Percentile by Number Answered

Percent of People with Each Score

Your Score History

You have not taken this quiz